01696 2200673 4500001002100000005001500021035002000036007000300056008004100059020002200100082001100122084001700133100002600150245015600176250001000332300003200342500003700374650003300411650001500444700002700459700003600486264003000522336002100552337003000573338002300603990001200626990001200638990001200650990001200662990001200674990001200686990001200698990001200710990001200722990001200734990001200746990001200758990001200770990001200782990001200794990001200806990001200818990001200830990001200842990001200854990001200866990001200878990001200890990001200902990001200914990001200926990001200938990001200950990001200962990001200974990001200986990001200998990001201010INLIS00000000000030920231031073939 a0010-1023000090ta231031 0 ind  a978-979-29-6553-7 a006.68 a006.68 PAT d0 aPatwiyantoePengarang1 aDasar Desain Grafis SMK/MAK Kelas X :bProgram Keahlian Teknologi Komputer dan Informatika : Kompetensi Keahlian Rekayasa Perangkat Lunak /cPatwiyanto aed. 1 ax, 206 hlm :bilus ;c25 cm aKurikulum 2013 Edisi Revisi 2017 4aTeknik Komputer dan Jaringan 4aMultimedia0 aSri WahyuniePengarang0 aSumari Agus PrasetyoePengarang aYogyakarta :bAndi,c2018 2rdacontentateks 2rdamediaatanpa perantara 2rdacarrieravolume a22.0715 a22.0716 a22.0717 a22.0718 a22.0719 a22.0720 a22.0721 a22.0722 a22.0723 a22.0724 a22.0725 a22.0726 a22.0727 a22.0728 a22.0729 a22.0730 a22.0731 a22.0732 a22.0733 a22.0734 a22.0735 a22.0736 a22.0737 a22.0738 a22.0739 a22.0740 a22.0741 a22.0742 a22.0743 a22.0744 a22.0745 a22.0746 a22.0747